دور المرونة المعرفية في التنبؤ بالفهم القرائي لدى عينة من تلاميذ المرحلة الابتدائية / (رقم التسجيلة. 179858)

تفاصيل مارك
000 -LEADER
fixed length control field 05037namaa22004211i 4500
003 - CONTROL NUMBER IDENTIFIER
control field OSt
005 - أخر تعامل مع التسجيلة
control field 20260430124652.0
008 - FIXED-LENGTH DATA ELEMENTS--GENERAL INFORMATION
fixed length control field 250827s2025 ua a|||frm||| 000 0 eng d
040 ## - CATALOGING SOURCE
Original cataloguing agency EG-GICUC
Language of cataloging ara
Transcribing agency EG-GICUC
Modifying agency EG-GICUC
Description conventions rda
041 0# - LANGUAGE CODE
Language code of text/sound track or separate title ara
Language code of summary or abstract ara
-- eng
049 ## - Acquisition Source
Acquisition Source إيداع
082 04 - DEWEY DECIMAL CLASSIFICATION NUMBER
Classification number 155.424
092 ## - LOCALLY ASSIGNED DEWEY CALL NUMBER (OCLC)
Classification number 155.424
Edition number 21
097 ## - Degree
Degree مــــاجستير
099 ## - LOCAL FREE-TEXT CALL NUMBER (OCLC)
Local Call Number Cai01.02.11.M.A.2025.أي.د
100 0# - MAIN ENTRY--PERSONAL NAME
Authority record control number or standard number ،آية نبيل شافعي عبد اللطيف
Preparation إعداد.
245 10 - TITLE STATEMENT
Title دور المرونة المعرفية في التنبؤ بالفهم القرائي لدى عينة من تلاميذ المرحلة الابتدائية /
Statement of responsibility, etc. إعداد آية نبيل شافعي عبد اللطيف؛ إشراف أ.د.الحسين محمد عبد المنعم، أ.د.عماد عبدالمقصود محجوب.
246 15 - VARYING FORM OF TITLE
Title proper/short title The role of cognitive flexibility in predicting reading comprehension among a sample of primary school students /
264 #0 - PRODUCTION, PUBLICATION, DISTRIBUTION, MANUFACTURE, AND COPYRIGHT NOTICE
Date of production, publication, distribution, manufacture, or copyright notice 2025.
300 ## - PHYSICAL DESCRIPTION
Extent 163 صفحة :
Other physical details إيضاحيات ؛
Dimensions 25 سم. +
Accompanying material CD.
336 ## - CONTENT TYPE
Content type term text
Source rda content
337 ## - MEDIA TYPE
Media type term Unmediated
Source rdamedia
338 ## - CARRIER TYPE
Carrier type term volume
Source rdacarrier
502 ## - DISSERTATION NOTE
Dissertation note أطروحة (ماجستير)-جامعة القاهرة، 2025.
504 ## - BIBLIOGRAPHY, ETC. NOTE
Bibliography, etc. note ببليوجرافيا: صفحات 132-150.
520 ## - SUMMARY, ETC.
Summary, etc. هدفت الدراسة الراهنة إلى الكشف عن دور المرونة المعرفية في التنبؤ بالفهم القرائي لدى عينة من تلاميذ المرحلة الابتدائية، بالإضافة إلى الكشف عن العلاقة بينهما باختلاف النوع (ذكور- إناث) والصف الدراسي، وتكونت عينة الدراسة من(200) تلميذ وتلميذة من الملتحقين بالصف الثالث إلى الصف السادس تراوحت أعمارهم بين (9-12) سنة، واعتمدت الدراسة على المنهج الوصفي الارتباطي الفارقي للتحقق من صحة الفروض، وقد طُبق اختبار (ستروب) لقياس المرونة المعرفية، واختبار (فهم المقروء) لقياس الفهم القرائي إعداد جاد البحيري. وأظهرت النتائج عدم وجود فروق بين الذكور والإناث في المرونة المعرفية، والفهم القرائي لدى التلاميذ في المرحلة الابتدائية. كما أظهرت وجود علاقة موجبة بين المرونة المعرفية والفهم القرائي لدى تلاميذ المرحلة الابتدائية. وعدم وجود تأثير للتفاعل بين النوع والصف الدراسي في المرونة المعرفية، والفهم القرائي. كما كشفت النتائج عن مدى إسهام المرونة المعرفية وأبعادها في التنبؤ بالفهم القرائي لدى التلاميذ في المرحلة الابتدائية.
520 ## - SUMMARY, ETC.
Summary, etc. The current study aimed to reveal the role of cognitive flexibility in predicting reading comprehension among a sample of primary school students, in addition to revealing the relationship between them according to gender (males - females) and grade. The study sample consisted of (200) male and female students enrolled in the third to sixth grades, ranging in age from (9-12) years. The study relied on the descriptive correlational differential approach to verify the validity of the hypotheses. The (Stroop) test was applied to measure cognitive flexibility, and the (reading comprehension) test was applied to measure reading comprehension, prepared by Jad Al-Bahri. The results showed no differences between males and females in cognitive flexibility and reading comprehension among primary school students. It also showed a positive relationship between cognitive flexibility and reading comprehension among primary school students. There was no interaction effect between gender and grade on cognitive flexibility and reading comprehension. The results also revealed the extent to which cognitive flexibility and its dimensions contribute to predicting reading comprehension among primary school students.
530 ## - ADDITIONAL PHYSICAL FORM AVAILABLE NOTE
Issues CD صدر أيضًا كقرص مدمج.
546 ## - LANGUAGE NOTE
Text Language النص بالعربية والملخص باللغة الإنجليزية والعربية.
650 #7 - SUBJECT ADDED ENTRY--TOPICAL TERM
Topical term or geographic name entry element الاطفال من السادسة حتي الحادية عشرة
Source of heading or term qrmak
653 #0 - INDEX TERM--UNCONTROLLED
Uncontrolled term المرونة المعرفية
-- الفهم القرائي
-- تلاميذ المرحلة الابتدائية
700 0# - ADDED ENTRY--PERSONAL NAME
Personal name الحسين محمد عبد المنعم
Relator term مشرف أطروحة.
700 0# - ADDED ENTRY--PERSONAL NAME
Personal name عماد عبدالمقصود محجوب
Relator term مشرف أطروحة.
900 ## - Thesis Information
Grant date 11-05-2025
Supervisory body الحسين محمد عبد المنعم
-- عماد عبدالمقصود محجوب
Universities جامعة القاهرة
Faculties كلية الآداب
Department قسم علم نفس
905 ## - Cataloger and Reviser Names
Cataloger Name Sara Salah
942 ## - ADDED ENTRY ELEMENTS (KOHA)
Source of classification or shelving scheme Dewey Decimal Classification
Koha item type Thesis
Edition 21
Suppress in OPAC No
المقتنيات
Source of classification or shelving scheme Home library Current library Date acquired Inventory number Full call number Barcode Date last seen Effective from Koha item type
Dewey Decimal Classification المكتبة المركزبة الجديدة - جامعة القاهرة قاعة الرسائل الجامعية - الدور الاول 30.04.2026 33162 Cai01.02.11.M.A.2025.أي.د 01010100033162000 30.04.2026 30.04.2026 Thesis
Cairo University Libraries Portal Implemented & Customized by: Eng. M. Mohamady Contacts: new-lib@cl.cu.edu.eg | cnul@cl.cu.edu.eg
CUCL logo CNUL logo
© All rights reserved — Cairo University Libraries
CUCL logo
Implemented & Customized by: Eng. M. Mohamady Contact: new-lib@cl.cu.edu.eg © All rights reserved — New Central Library
CNUL logo
Implemented & Customized by: Eng. M. Mohamady Contact: cnul@cl.cu.edu.eg © All rights reserved — Cairo National University Library